000 01131nam a2200289Ia 4500
005 20220316235634.0
008 121119s2000 ck a gr 000 0 spa
020 _a9589693067
041 1 _aspa
082 0 4 _a918.6151
_bW27t
100 1 _aWest, Robert
_d1913-
245 1 4 _aLas tierras bajas del Pacífico colombiano
_cRobert West ; traducción de Claudia Leal
250 _aPrimera edición
300 _a301 páginas
_bilustraciones
_c25 cm
504 _aIncluye bibliografía
534 _tThe pacific lowlands of Colombia, a negroid area of the american tropics
650 1 4 _aCulturas negras
_xColombia
_2LEMB
651 4 _aCosta Pacífica (Región, Colombia)
_xCondiciones económicas
_939764
651 4 _aCosta Pacífica (Región, Colombia)
_xDescripciones y viajes
_xVida social y costumbres
_939765
700 1 _aLeal, Claudia
_etraductor
_939766
942 _2ddc
_cBK
264 _aBogotá
_bInstituto Colombiano de Antropología e Historia
_c2000
336 _atexto
_btxt
_2rdacontent
337 _asin mediación
_bn
_2rdamedia
338 _avolumen
_bnc
_2rdacarrier
040 _aCO-BoRNBP
_bspa
_erda
_cCO-BoRNBP
999 _c1636
_d1636